000
00304as aa2200109a 44500
090
_a
SERIADAS
_b
01080
245
1
0
_a
Geoinformación: Revista sobre Tecnologías y Sistemas de Información Espacial Integrada
260
_b
Editorial Terra
_a
12
310
_a
BIMESTRAL
041
0
_a
Español
942
_c
REVISTA
999
_c
16925
_d
16925